Tutte le città dell'UE con più di 300k abitanti - Statistics

Statistiche generali
  • Questo quiz è stato fatto 145 volte
  • Il punteggio medio è 56 su 94
Statistiche sulle risposte
Stato Città % Corretto
Germania Berlino
100%
Spagna Madrid
100%
Italia Roma
100%
Italia Milano
99%
Italia Napoli
99%
Francia Parigi
98%
Austria Vienna
98%
Ungheria Budapest
97%
Italia Torino
97%
Paesi Bassi Amsterdam
96%
Spagna Barcellona
96%
Romania Bucarest
96%
Polonia Varsavia
96%
Grecia Atene
95%
Germania Monaco
95%
Italia Palermo
95%
Repubblica Ceca Praga
95%
Daniamrca Copenaghen
94%
Italia Firenze
94%
Portogallo Lisbona
94%
Bulgaria Sofia
94%
Svezia Stoccolma
93%
Spagna Valencia
93%
Croazia Zagabria
93%
Finlandia Helsinki
92%
Francia Marsiglia
92%
Germania Amburgo
91%
Lettonia Riga
90%
Irlanda Dublino
89%
Polonia Cracovia
87%
Francia Lione
87%
Estonia Tallinn
86%
Lituania Vilnius
85%
Spagna Siviglia
84%
Italia Bari
81%
Italia Bologna
81%
Germania Francoforte
81%
Paesi Bassi Rotterdam
81%
Slovacchia Bratislava
79%
Italia Genova
79%
Spagna Bilbao
71%
Germania Colonia
69%
Germania Dortmund
69%
Belgio Anversa
65%
Francia Nizza
65%
Germania Stoccarda
62%
Paesi Bassi L’Aia
61%
Germania Lipsia
59%
Svezia Malmö
58%
Polonia Danzica
56%
Germania Düsseldorf
56%
Spagna Malaga
55%
Spagna Saragozza
52%
Germania Brema
51%
Svezia Göteborg
50%
Grecia Salonicco
50%
Germania Dresda
49%
Francia Tolosa
48%
Repubblica Ceca Brno
47%
Germania Norimberga
44%
Germania Bonn
42%
Austria Graz
42%
Germania Hannover
42%
Francia Nantes
42%
Spagna Alicante
39%
Polonia Łódź
37%
Spagna Murcia
32%
Polonia Poznań
30%
Spagna Cordova
29%
Spagna Las Palmas
29%
Francia Montpellier
29%
Spagna Valladolid
29%
Germania Essen
28%
Paesi Bassi Utrecht
27%
Germania Mannheim
25%
Polonia Breslavia
24%
Lituania Kaunas
21%
Polonia Stettino
21%
Danimarca Aarhus
19%
Bulgaria Filippopoli
17%
Germania Augusta
16%
Polonia Lublino
16%
Bulgaria Varna
14%
Germania Bochum
13%
Germania Duisburg
13%
Spagna Palma di Maiorca
12%
Germania Münster
11%
Germania Bielefeld
9%
Germania Karlsruhe
9%
Portogallo Sintra
7%
Germania Wuppertal
7%
Finlandia Espoo
5%
Portogallo Vila Nova de Gaia
4%
Polonia Bydgoszcz
3%
Nessun quiz corrispondente trovato
Distribuzione punteggi
Percentuale di utenti per punteggio
Percentile per numero di risposta
I tuoi punteggi nel tempo
Non hai fatto questo quiz